|
|
|
|
| LEADER |
00995nam a2200265 a 4500 |
| 001 |
14022316 |
| 008 |
101010m20092006njua 001 0 eng d |
| 010 |
|
|
|a 2005050951
|
| 020 |
|
|
|a 9788131722343
|
| 020 |
|
|
|a 0130613088
|
| 040 |
|
|
|a DLC
|c DLC
|d BAKER
|d C#P
|d DLC
|d BD-DhAAL
|
| 082 |
0 |
0 |
|a 005.4/32
|2 22
|
| 100 |
1 |
|
|a Schwartz, David I.
|
| 245 |
1 |
0 |
|a Introduction to UNIX /
|c David I. Schwartz.
|
| 250 |
|
|
|a 2nd ed.
|
| 260 |
|
|
|a Upper Saddle River, NJ ;
|a New Delhi :
|b Pearson/Prentice Hall,
|c c2006 [impression 2009].
|
| 300 |
|
|
|a xxiv, 248 p. :
|b ill. ;
|c 26 cm.
|
| 490 |
0 |
|
|a ESource--the Prentice Hall engineering source
|
| 500 |
|
|
|a Includes index.
|
| 541 |
1 |
|
|e 00021200
|
| 630 |
0 |
0 |
|a UNIX (Computer file)
|
| 650 |
|
0 |
|a Operating systems (Computers)
|
| 852 |
4 |
|
|a Ayesha Abed Library
|j General Shelf.
|
| 999 |
|
|
|c 9702
|d 9702
|
| 952 |
|
|
|0 0
|1 0
|2 ddc
|4 0
|6 005_432000000000000_SCH_2009
|7 0
|9 12338
|a BRACUL
|b BRACUL
|c GEN
|d 2010-10-10
|l 5
|m 45
|o 005.432 SCH
|p 3010021200
|r 2023-02-25
|s 2022-10-10
|t 1
|w 2010-10-10
|y BK
|